| 000 | 01027nam a2200325Ia 4500 | ||
|---|---|---|---|
| 003 | OSt | ||
| 005 | 20220912145153.0 | ||
| 006 | a|||||r|||| 00| 0 | ||
| 007 | ta | ||
| 008 | 220909b |||||||| |||| 00| 0 eng d | ||
| 020 | _a9780387981277 (hbd) | ||
| 024 | _a86345 | ||
| 037 | _b00001383, 11/11/2009, Narosa Book Distributors Pvt. Ltd. | ||
| 037 | _cTextbook | ||
| 040 |
_aCSL _beng _cCSL |
||
| 041 | _aeng | ||
| 082 | _aB33, P9 TB | ||
| 100 | _aAnastassiou George A | ||
| 245 | 0 | _aFractional differentiation inequalities | |
| 260 |
_aNew York _bSpringer _c2009 |
||
| 300 |
_axiv, 675p. _ccm. |
||
| 500 | _aAppendix 635- 640p.; References 641- 670p. | ||
| 650 | _a Differential equations- partial | ||
| 650 | _a Differential inequalities | ||
| 650 | _a Fractional calculus | ||
| 650 | _a Functional analysis | ||
| 650 | _aMathematics | ||
| 942 |
_hB33, P9 TB _cTB _2CC |
||
| 999 |
_c24956 _d24956 |
||